000 01411cam a22003737a 4500
003 CHAP
005 20251127090245.0
008 000119d1995 mx b r 00010 spa d
010 _a79303
011 _a80275
035 _a90724
040 _cCHAP
090 _aFolleto 15544
100 1 0 _aDíaz Cárdenas, Salvador
_933418
245 0 _aHacia la agricultura sostenible en regiones cafetarelas el caso de Huatusco, Ver. :
_b(propuesta de investigación-desarrollo)
_c/por Salvador Díaz Cárdenas {y otros}
260 _aChapingo, Méx. :
_bUACH. Dirección de Centros Regionales,
_c1995.
300 _a33 p. :
_bmapas
410 _aUACH. Dirección de Centros Regionales
490 0 _aCuadernos de Centros Regionales
_v; 15
590 _aBATCH-UPD
_b10
_c20130110
_lUCH01
_h0645
590 _aBATCH-UPD
_b10
_c20130410
_lUCH01
_h0329
590 _aBATCH-UPD
_b10
_c20130914
_lUCH01
_h1108
590 _aCONVERSION
_b10
_c20130109
_lUCH01
_h1344
700 0 _aEscamilla Prado, Esteban.
_937449
700 0 _aLicona Vargas, Atenógenes L.
_966711
700 0 _aPérez Pérez, Salvador.
_989936
810 0 0 _aUACH. Dirección de Centros Regionales
830 0 _aCuadernos de Centros Regionales
_v; 15
_929751
901 _aBK
905 _aLilia Sánchez G.
942 _cFOLL
949 _aFolleto 15544
_bBC
_cFOLL
_d9072421
_eTS1
_i90724
_sb
949 _aFolleto 15544
_bBC
_cUACH
_d907242
_eUACH
_fc.2
_i90724
_sb
999 _c79303
_d79303